Statystyki dla Państwa położone najbliżej Zatoki Perskiej

Kliknij tutaj aby rozwiązać quiz!

Ogólne statystyki

  • Ten quiz został rozwiązany 9 070 razy
  • Średni wynik to 19 z 22

Statystyki odpowiedzi

kmKraj% Poprawnych
0Irak
97%
0Iran
97%
0Arabia Saudyjska
96%
0Oman
94%
551Jemen
93%
0Katar
92%
0Zjednoczone Emiraty Arabskie
92%
1198Izrael
91%
1128Indie
89%
440Pakistan
89%
843Turcja
89%
0Kuwejt
88%
846Syria
88%
502Afganistan
85%
0Bahrajn
82%
863Jordania
82%
1208Gruzja
80%
968Armenia
79%
890Azerbejdżan
79%
1181Liban
75%
1036Turkmenistan
72%
1207Rosja
67%

Rozkład punktacji

Percentyl według liczby udzielonych odpowiedzi

Procent ludzi z każdym wynikiem

Twoja historia wyników

Nie rozwiązałeś tego quizu